Countries with the highest food wastage - Statistics

General Stats
  • This quiz has been taken 23 times
  • The average score is 8 of 10
Answer Stats
Hint Answer % Correct
9 Canada
95%
4 UK
95%
7 USA
95%
8 Australia
85%
3 Germany
85%
1 Denmark
75%
6 Finland
75%
10 Norway
75%
2 Netherlands
70%
5 Malaysia
25%
No matching quizzes found
Score Distribution
Percent of People with Each Score
Percentile by Number Answered
Your Score History
You have not taken this quiz